rang des nombres premiers - Statistiques

Statistiques générales
  • Ce quiz a été pris 33 fois
    15 depuis la dernière actualisation
  • Le résultat moyen est 14 sur 20
Statistiques - réponses
Hint Réponse % Correct
2 1
100%
31 11
100%
53 16
100%
67 19
100%
3 2
100%
73 21
100%
79 22
100%
101 26
100%
5 3
100%
137 33
100%
157 37
100%
7 4
100%
179 41
100%
199 46
100%
211 47
100%
11 5
100%
229 50
100%
233 51
100%
263 56
100%
271 58
100%
13 6
100%
37 12
80%
41 13
75%
103 27
75%
109 29
75%
113 30
75%
139 34
75%
149 35
75%
181 42
75%
193 44
75%
251 54
75%
47 15
67%
59 17
67%
61 18
67%
97 25
67%
163 38
67%
173 40
67%
191 43
67%
313 65
67%
19 8
67%
29 10
60%
239 52
60%
43 14
50%
71 20
50%
83 23
50%
89 24
50%
131 32
50%
167 39
50%
197 45
50%
227 49
50%
241 53
50%
257 55
50%
269 57
50%
277 59
50%
293 62
50%
307 63
50%
17 7
50%
23 9
50%
127 31
33%
107 28
0%
151 36
0%
223 48
0%
281 60
0%
283 61
0%
311 64
0%
Aucun quiz correspondant
Distribution des résultats
% des personnes avec chaque résultat
Percentile par nombre de réponses
Votre historique - résultats
Vous n’avez pas pris ce quiz depuis la dernière actualisation